Automobile engineering (Record no. 548168)
[ view plain ]
| 000 -LEADER | |
|---|---|
| fixed length control field | 01270cam a2200277Ka 4500 |
| 082 04 - DEWEY DECIMAL CLASSIFICATION NUMBER | |
| Classification number | 629.2 |
| Author Mark | Aut |
| -- | L-17, P-6 |
| 100 ## - MAIN ENTRY--PERSONAL NAME | |
| Personal name | H. Kerr Thomas |
| 9 (RLIN) | 44348 |
| 245 00 - TITLE STATEMENT | |
| Title | Automobile engineering |
| Remainder of title | a general reference work / |
| Statement of responsibility, etc. | prepared by a staff of automobile experts, consulting engineers, and designers of the highest professional standing. |
| 250 ## - EDITION STATEMENT | |
| Edition statement | Vol-VI |
| 260 ## - PUBLICATION, DISTRIBUTION, ETC. | |
| Place of publication, distribution, etc. | Chicago : |
| Name of publisher, distributor, etc. | American Technical Society, |
| Date of publication, distribution, etc. | c1920. |
| 300 ## - PHYSICAL DESCRIPTION | |
| Extent | 1 online resource (6 v.) : |
| Other physical details | ill. |
| 500 ## - GENERAL NOTE | |
| General note | "Authorities consulted" at beginning of each volume. |
| 500 ## - GENERAL NOTE | |
| General note | Includes index, in each volume. |
| 505 1# - FORMATTED CONTENTS NOTE | |
| Formatted contents note | v. 4. Electrical equipment for gasoline cars (continued) / by C.B. Hayward. -- v. 6. Gasoline tractors ; Commercial vehicles ; Electric automobiles / by C.B. Hayward. |
| 526 ## - STUDY PROGRAM INFORMATION NOTE | |
| Program name | 0 |
| Interest level | 0 |
| Reading level | 0 |
| Title point value | 629_200000000000000_AUT |
| 526 ## - STUDY PROGRAM INFORMATION NOTE | |
| Program name | 0 |
| Interest level | 0 |
| Reading level | 0 |
| Title point value | 629_200000000000000_AUT |
| 526 ## - STUDY PROGRAM INFORMATION NOTE | |
| Program name | 0 |
| Interest level | 0 |
| Reading level | 0 |
| Title point value | 629_200000000000000_AUT |
| 526 ## - STUDY PROGRAM INFORMATION NOTE | |
| Program name | 0 |
| Interest level | 0 |
| Reading level | 0 |
| Title point value | 629_200000000000000_AUT |
| 526 ## - STUDY PROGRAM INFORMATION NOTE | |
| Program name | 0 |
| Interest level | 0 |
| Reading level | 0 |
| Title point value | 629_200000000000000_AUT |
| 650 #0 - SUBJECT ADDED ENTRY--TOPICAL TERM | |
| Topical term or geographic name entry element | Automobiles |
| General subdivision | Maintenance and repair. |
| 9 (RLIN) | 44349 |
| 650 #0 - SUBJECT ADDED ENTRY--TOPICAL TERM | |
| Topical term or geographic name entry element | Automobiles. |
| 9 (RLIN) | 38699 |
| 650 #0 - SUBJECT ADDED ENTRY--TOPICAL TERM | |
| Topical term or geographic name entry element | MCE |
| 9 (RLIN) | 379 |
| 710 2# - ADDED ENTRY--CORPORATE NAME | |
| Corporate name or jurisdiction name as entry element | American Technical Society. |
| 9 (RLIN) | 44350 |
| 856 40 - ELECTRONIC LOCATION AND ACCESS | |
| Uniform Resource Identifier | <a href="http://catalog.hathitrust.org/api/volumes/oclc/8203275.html">http://catalog.hathitrust.org/api/volumes/oclc/8203275.html</a> |
| 942 ## - ADDED ENTRY ELEMENTS (KOHA) | |
| Source of classification or shelving scheme | |
| Koha item type | Book |
| Withdrawn status | Lost status | Source of classification or shelving scheme | Damaged status | Not for loan | Permanent Location | Current Location | Date acquired | Total Checkouts | Full call number | Barcode | Date last seen | Price effective from | Koha item type |
|---|---|---|---|---|---|---|---|---|---|---|---|---|---|
| Military College of Engineering (MCE) | Military College of Engineering (MCE) | 08/25/2014 | 629.2 Aut | MCE-40850 | 08/25/2014 | 08/25/2014 | Book | ||||||
| Military College of Engineering (MCE) | Military College of Engineering (MCE) | 08/25/2014 | 629.2 Aut | MCE-40589 | 08/25/2014 | 08/25/2014 | Book | ||||||
| Military College of Engineering (MCE) | Military College of Engineering (MCE) | 08/25/2014 | 629.2 Aut | MCE-40847 | 08/25/2014 | 08/25/2014 | Book | ||||||
| Military College of Engineering (MCE) | Military College of Engineering (MCE) | 08/25/2014 | 629.2 Aut | MCE-40817 | 08/25/2014 | 08/25/2014 | Book | ||||||
| Military College of Engineering (MCE) | Military College of Engineering (MCE) | 08/25/2014 | 629.2 Aut | MCE-40818 | 08/25/2014 | 08/25/2014 | Book |
